| 000 | 00489nam a2200193Ia 4500 | ||
|---|---|---|---|
| 008 | 101110s9999 xx 000 0 und d | ||
| 041 | _aENGLISH | ||
| 082 | _bSR13334 | ||
| 100 | _aWald J. | ||
| 245 | _aBigg's Cost Accounts ( Tenth Edition ) | ||
| 365 | _b22.13 | ||
| 520 | _aCommerce | ||
| 546 | _aENGLISH | ||
| 630 | _aBigg's Cost Accounts ( Tenth Edition ) | ||
| 650 | _aCommerce | ||
| 655 | _aCommerce | ||
| 730 | _aBigg's Cost Accounts ( Tenth Edition ) | ||
| 942 | _cBOOK | ||
| 999 |
_c807565 _d807562 |
||